Giáo trình thủy lực (Dùng trong các trường THCN)
Nội dung giáo trình trình bày những vấn đề cơ bản về thủy tĩnh học, thủy động lực học, tính toán thủy lực đường ống và công trình. Sau mỗi phần đề có ví dụ và bài tập.
Đã lưu trong:
| 主要作者: | |
|---|---|
| 格式: | 圖書 |
| 語言: | Undetermined |
| 出版: |
Hà Nội
Nhà xuất bản Hà Nội
2007
|
| 主題: | |
| 標簽: |
添加標簽
沒有標簽, 成為第一個標記此記錄!
|
| Thư viện lưu trữ: | Trung tâm Học liệu Trường Đại học Cần Thơ |
|---|
| LEADER | 00901nam a2200217Ia 4500 | ||
|---|---|---|---|
| 001 | CTU_142782 | ||
| 008 | 210402s9999 xx 000 0 und d | ||
| 020 | |c 30000 | ||
| 082 | |a 532.107 | ||
| 082 | |b L305 | ||
| 100 | |a Hoàng, Đức Liên | ||
| 245 | 0 | |a Giáo trình thủy lực | |
| 245 | 0 | |b (Dùng trong các trường THCN) | |
| 245 | 0 | |c Hoàng Đức Liên | |
| 260 | |a Hà Nội | ||
| 260 | |b Nhà xuất bản Hà Nội | ||
| 260 | |c 2007 | ||
| 520 | |a Nội dung giáo trình trình bày những vấn đề cơ bản về thủy tĩnh học, thủy động lực học, tính toán thủy lực đường ống và công trình. Sau mỗi phần đề có ví dụ và bài tập. | ||
| 650 | |a Hydraulics,Thủy lực học | ||
| 904 | |i Duy Bằng | ||
| 980 | |a Trung tâm Học liệu Trường Đại học Cần Thơ | ||